logo

Bir Sreshtho Munshi Abdur Rouf Library
Jhenaidah Cadet College

Howling at the Hauntlys / (Record no. 1814)

MARC details
000 -LEADER
fixed length control field 00581nam a2200229 a 4500
001 - CONTROL NUMBER
JCCL Control Number 1814
003 - CONTROL NUMBER IDENTIFIER
JCCL marc code BD-JhCC
005 - DATE AND TIME OF LATEST TRANSACTION
control field 20171024193912.0
008 - FIXED-LENGTH DATA ELEMENTS--GENERAL INFORMATION
fixed length control field 171024s1998 nyua|||| ||a| 000 0 eng d
020 ## - INTERNATIONAL STANDARD BOOK NUMBER
International Standard Book Number 059010845x
035 ## - SYSTEM CONTROL NUMBER
system control number (BD-JhCC) 1814
040 ## - CATALOGING SOURCE
Original cataloging agency BD-JhCC
Modifying agency BD-JhCC
041 ## - LANGUAGE CODE
Language code of Book eng
082 ## - DEWEY DECIMAL CLASSIFICATION NUMBER
Classification number 823.92
Author mark and Year JON 1998
100 ## - MAIN ENTRY--PERSONAL NAME
Personal name Jones, Marcia Thornton
245 ## - TITLE STATEMENT
Title Howling at the Hauntlys /
Remainder of title
Statement of responsibility, etc Marcia Thornton Jones
260 ## - PUBLICATION, DISTRIBUTION, ETC. (IMPRINT)
Place of publication, distribution, etc Newyork :
Name of publisher, distributor, etc Little Apple ,
Date of publication, distribution, etc 1998
300 ## - PHYSICAL DESCRIPTION
Pagination 73 p .:
Dimensions 22 cm .
650 ## - SUBJECT ADDED ENTRY--TOPICAL TERM
Topical term or geographic name as entry element Hunted House
942 ## - ADDED ENTRY ELEMENTS (KOHA)
Source of classification or shelving scheme Dewey Decimal Classification
Koha item type Books
Holdings
Source of classification or shelving scheme Damaged status Not for loan Home library Current library Shelving location Date of accession Total Checkouts Full call number Barcode Date last seen Copy number Koha item type
Dewey Decimal Classification     JCC Rouf Library JCC Rouf Library General Stacks 10/24/2017   823.92 JON 1998 3011 10/24/2017 C-1 Books

JCC Library | Contacts | JCC Home

Last Update on 23 September 2017
Copyright @ 2017-2020 JCC Rouf Library
Rouf Library, Jhenidah Cadet College (JCC), Bangladesh